000 00803nam a2200265 i 4500
001 bg
100 1 _aSADOWSKI, Jan
245 1 0 _aTermodynamiczna interpretacja tarcia i zużywania /
_cJan Sadowski ; Politechnika Radomska im. K. Pułaskiego.
260 _aRadom :
_bPR,
_c1999.
300 _a208 s. :
_bfot., rys., wykr. ;
_c23 cm.
500 _aStreszcz. ang.
504 _aBibliogr. s. 202-207.
650 9 _aCiało stałe
_xbadanie
650 9 _aTarcie
_xfizyka
650 9 _aTermodynamika
_xzagadnienia
650 9 _aTrybologia
_xzagadnienia
710 0 _aPolitechnika Radomska im. Kazimierza Pułaskiego
020 _a8388001256
040 _cBPK
041 0 _apl
_ben
080 _a531.4:536.7
920 _a83-88001-25-6
942 _cKS
008 s pl f |000 0 pol
999 _c37528
_d37528
856 _uhttp://koha.tu.koszalin.pl/cgi-bin/koha/opac-detail.pl?biblionumber=37528
_yKatalog online BPK